| 000 | 00624nam a2200205 a 4500 | ||
|---|---|---|---|
| 001 | 000019819 | ||
| 005 | 20200929170142.0 | ||
| 008 | 100707s1974 sp r 000 f spa d | ||
| 020 | _a8402039324 | ||
| 040 |
_aDO-SdBNP _bspa _cBNPHU |
||
| 082 |
_a843.914 _bP944m |
||
| 100 | 1 |
_aPrévost, Abate, _d1697-1763 _942297 |
|
| 245 | 1 | 0 |
_aManon Lescaut / _cAbate Prévost ; traducción J. A. Vidal Sales. |
| 260 |
_aBarcelona : _bEditorial Bruguera, _c1974. |
||
| 300 |
_a221 p. ; _c20 cm. |
||
| 650 | 4 |
_aNovela francesa _91075 |
|
| 650 | 4 |
_aLiteratura francesa _91074 |
|
| 700 | 1 |
_aVidal Sales, J. A., _etr. _942298 |
|
| 049 | _aBNGR | ||
| 999 |
_c19332 _d19332 |
||